[Event "C.to Provinciale BG"]
[Site "Treviglio ITA"]
[Date "2014.01.26"]
[Round "5"]
[White "Scarabelli, Maurizio"]
[Black "Foglieni, Matteo"]
[WhiteElo "1791"]
[BlackElo "1853"]
[Result "0-1"]
[PlyCount "110"]
[EventDate "2014.01.18"]

1. e4 c6 2. d4 d5 3. e5 Bf5 4. Nc3 e6 5. g4 Bg6 6. Nge2 c5 7. h4 h5 8. Nf4 cxd4
9. Nb5 Nc6 10. Nxd4 Nge7 11. gxh5 Bf5 12. Be3 Qc7 13. Bd3 Qxe5 14. Nxf5 Nxf5
15. Bxf5 Qxf5 16. Qd3 Qxd3 17. Nxd3 Nb4 18. Nxb4 Bxb4+ 19. c3 Be7 20. h6 gxh6
21. Ke2 h5 22. Rag1 Bf6 23. Bg5 Ke7 24. f4 Rhg8 25. Rg3 Rg6 26. Re3 Kd6 27. Rf3
Be7 28. f5 Rgg8 29. f6 Bd8 30. Rd1 b5 31. Rfd3 Rg6 32. Rf1 Rc8 33. b3 Rc6 34.
Kd2 e5 35. Rdf3 Ke6 36. Rf5 Ra6 37. Kc2 Rxa2+ 38. Kb1 Ra6 39. R5f3 Rc6 40. Kb2
a5 41. Rg3 b4 42. cxb4 axb4 43. Rgf3 Rc3 44. Rxc3 bxc3+ 45. Kxc3 Bxf6 46. Bxf6
Rxf6 47. Ra1 Rf3+ 48. Kc2 Rf4 49. Ra6+ Kd7 50. Ra7+ Kc6 51. Ra6+ Kb5 52. Rd6
Kc5 53. Rd7 f6 54. Rf7 e4 55. Rf8 Rf2+ 0-1

[Event "C.to Provinciale BG"]
[Site "Treviglio ITA"]
[Date "2014.01.26"]
[Round "6"]
[White "Attuati, Luca"]
[Black "Andolfatto, Maria"]
[WhiteElo "1519"]
[BlackElo "1493"]
[Result "1/2-1/2"]
[PlyCount "109"]
[EventDate "2014.01.18"]

1. e4 e5 2. Nf3 Nc6 3. Bb5 Bc5 4. O-O d6 5. Nc3 a6 6. Bc4 Be6 7. Bxe6 fxe6 8.
d3 h6 9. h3 Nf6 10. Ne2 d5 11. Ng3 g5 12. Kh1 Qe7 13. c3 d4 14. b4 Ba7 15. c4
Qxb4 16. Bd2 Qd6 17. a4 Bc5 18. a5 Ne7 19. Qb3 b6 20. Qa4+ Kf7 21. Rfb1 Ng6 22.
Bb4 Nf4 23. Ra3 Kg6 24. axb6 cxb6 25. Bxc5 Qxc5 26. Qb4 Qxb4 27. Rxb4 Nd7 28.
Ne1 h5 29. Ra2 h4 30. Ne2 Kh5 31. f3 Rhb8 32. g4+ Kg6 33. Nxf4+ exf4 34. Kg1 a5
35. Rba4 Nc5 36. R4a3 a4 37. Kf2 b5 38. cxb5 Rxb5 39. Nc2 e5 40. Ke2 Rb1 41.
Ra1 Rab8 42. Rxb1 Rxb1 43. Ra1 Rxa1 44. Nxa1 Kf6 45. Nc2 Ke6 46. Kd2 Nb3+ 47.
Kd1 Kd6 48. Na3 Kc5 49. Kc2 Na5 50. Kb2 Kb4 51. Nc2+ Kb5 52. Na3+ Kc5 53. Kc2
Nc6 54. Nc4 Nb4+ 55. Kd2 1/2-1/2

[Event "C.to Provinciale BG"]
[Site "Treviglio ITA"]
[Date "2014.01.26"]
[Round "6"]
[White "Biava, Pierluigi"]
[Black "Catalano, Piero"]
[WhiteElo "1691"]
[BlackElo "1700"]
[Result "1-0"]
[PlyCount "91"]
[EventDate "2014.01.18"]

1. e4 e5 2. Nf3 Nc6 3. d4 exd4 4. Bc4 Bb4+ 5. c3 dxc3 6. bxc3 Qf6 7. Qb3 d5 8.
Bxd5 Nge7 9. Bg5 Qg6 10. cxb4 h6 11. Bxe7 Nxe7 12. O-O O-O 13. Nc3 c6 14. Bc4
Bh3 15. Ne1 Qg5 16. f4 Qg6 17. Rf3 Be6 18. f5 Bxc4 19. Qxc4 Qg4 20. Rd1 Rfd8
21. Rfd3 Rxd3 22. Qxd3 Qf4 23. Ne2 Qg5 24. Nf3 Qf6 25. Qd7 Qb2 26. Qd2 Qa3 27.
Kf2 c5 28. bxc5 Nc6 29. Qc2 Re8 30. Ng3 Qb4 31. Rd5 Qa5 32. Qd2 Qa3 33. Nd4 Nb4
34. Nc2 Nxc2 35. Qxc2 Rc8 36. Qb3 Qc1 37. Ne2 Qg5 38. Qg3 Qf6 39. Qd6 Qh4+ 40.
Ng3 Re8 41. Kf3 Qxh2 42. Qd7 Kf8 43. Qxb7 Qh4 44. Rd7 Qf6 45. Qd5 g6 46. Qd6+
1-0

[Event "C.to Provinciale BG"]
[Site "Treviglio ITA"]
[Date "2014.01.26"]
[Round "6"]
[White "Caldi, Irene"]
[Black "Cattaneo, Marco"]
[WhiteElo "1715"]
[BlackElo "2129"]
[Result "0-1"]
[PlyCount "64"]
[EventDate "2014.01.18"]

1. e4 c5 2. Nc3 Nc6 3. f4 e6 4. Bb5 Nd4 5. Nf3 Nxb5 6. Nxb5 a6 7. Nc3 Be7 8. a4
d5 9. d3 Nf6 10. O-O O-O 11. Qe1 dxe4 12. dxe4 Bd7 13. Ne5 Qc7 14. Qe2 Bc6 15.
Qc4 b5 16. Qd3 b4 17. Nxc6 Qxc6 18. e5 Rfd8 19. Qg3 bxc3 20. exf6 Bxf6 21. bxc3
Qe4 22. Ba3 Qc4 23. Rad1 Bxc3 24. Rd3 Bd4+ 25. Kh1 Qxc2 26. Rfd1 Qxa4 27. Bxc5
Bf6 28. Rxd8+ Rxd8 29. Rxd8+ Bxd8 30. h3 Bc7 31. Be3 Qe4 32. Qf2 h6 0-1

[Event "C.to Provinciale BG"]
[Site "Treviglio ITA"]
[Date "2014.01.26"]
[Round "6"]
[White "Colonetti, Fabio"]
[Black "Mansueti, Marco"]
[WhiteElo "1475"]
[BlackElo "1865"]
[Result "0-1"]
[PlyCount "68"]
[EventDate "2014.01.18"]

1. e4 e5 2. Nf3 Nc6 3. Bb5 Nf6 4. O-O Bc5 5. d3 d6 6. h3 O-O 7. c3 a6 8. Ba4 b5
9. Bc2 h6 10. Re1 d5 11. Nbd2 d4 12. c4 Be6 13. Bb3 Qd6 14. a3 Nd7 15. Qe2 Nb6
16. Ba2 bxc4 17. Nxc4 Nxc4 18. Bxc4 Bxc4 19. dxc4 d3 20. Qd1 Rad8 21. Be3 Nd4
22. Bxd4 Bxd4 23. Nxd4 Qxd4 24. b3 f5 25. exf5 Rxf5 26. Qd2 e4 27. Qe3 d2 28.
Red1 Qe5 29. Qe2 Rd3 30. Rab1 Rg5 31. f3 Rxf3 32. Rxd2 Rxh3 33. Rd8+ Kh7 34.
Rf1 Qh2+ 0-1

[Event "C.to Provinciale BG"]
[Site "Treviglio ITA"]
[Date "2014.01.26"]
[Round "6"]
[White "Guerini, Sara"]
[Black "Oteri, Aldo"]
[WhiteElo "1754"]
[BlackElo "1799"]
[Result "0-1"]
[PlyCount "54"]
[EventDate "2014.01.18"]

1. e4 e6 2. d4 d5 3. exd5 exd5 4. Bd3 Bd6 5. Nf3 Ne7 6. c3 Bf5 7. Bxf5 Nxf5 8.
O-O O-O 9. Qb3 b6 10. Bg5 Qd7 11. Kh1 h6 12. Be3 Nxe3 13. fxe3 Qe6 14. Re1 Nd7
15. Nbd2 f5 16. e4 fxe4 17. Nxe4 Rae8 18. Ned2 Qf7 19. Qc2 Qh5 20. Qd3 Bf4 21.
Rf1 Re3 22. Qb5 Nf6 23. Rg1 Ne4 24. Nxe4 Rxf3 25. g3 Be3 26. Rg2 c6 27. Qxc6
Rf1+ 0-1

[Event "C.to Provinciale BG"]
[Site "Treviglio ITA"]
[Date "2014.01.26"]
[Round "6"]
[White "Guerini, Silvia jr"]
[Black "Filice, Davide"]
[WhiteElo "1823"]
[BlackElo "1783"]
[Result "1/2-1/2"]
[PlyCount "61"]
[EventDate "2014.01.18"]

1. e4 e5 2. Nf3 Nc6 3. Bc4 Nf6 4. d3 Be7 5. c3 O-O 6. Bb3 d6 7. O-O Na5 8. Bc2
c5 9. Re1 Qc7 10. Nbd2 Nc6 11. Nf1 h6 12. Ng3 Re8 13. Qe2 Bf8 14. Nh4 g6 15. h3
Bg7 16. Be3 Be6 17. Qd2 Kh7 18. Nf3 Rad8 19. Qe2 b6 20. d4 Bc8 21. d5 Nb8 22.
Ba4 Bd7 23. Bxd7 Nbxd7 24. c4 a6 25. a4 Rb8 26. Reb1 Qb7 27. b3 b5 28. axb5
axb5 29. Qc2 Ra8 30. Nd2 b4 31. Qb2 1/2-1/2

[Event "C.to Provinciale BG"]
[Site "Treviglio ITA"]
[Date "2014.01.26"]
[Round "6"]
[White "Locatelli, Andrea"]
[Black "Corbellini, Nicola"]
[WhiteElo "2110"]
[BlackElo "1938"]
[Result "1/2-1/2"]
[PlyCount "59"]
[EventDate "2014.01.18"]

1. e4 c5 2. Nf3 a6 3. d4 cxd4 4. Nxd4 Nf6 5. Nc3 e5 6. Nf3 Nc6 7. Bc4 Bb4 8.
O-O O-O 9. Nd5 Nxe4 10. Nxb4 Nxb4 11. Nxe5 d5 12. Bb3 Be6 13. c3 Nc6 14. Nxc6
bxc6 15. Be3 Rb8 16. f3 Nf6 17. Qe2 a5 18. Bc2 Re8 19. Qf2 Qc7 20. b3 Rec8 21.
Qh4 Qd7 22. Bd4 Bf5 23. Bxf5 Qxf5 24. Bxf6 Qxf6 25. Qxf6 gxf6 26. Rfe1 Re8 27.
Kf2 Re6 28. Re2 Kf8 29. Rd2 Rbe8 30. Rc1 1/2-1/2

[Event "C.to Provinciale BG"]
[Site "Treviglio ITA"]
[Date "2014.01.26"]
[Round "6"]
[White "Raimondi, Celso"]
[Black "Ferrari, Paolo"]
[WhiteElo "1666"]
[BlackElo "1661"]
[Result "1/2-1/2"]
[PlyCount "94"]
[EventDate "2014.01.18"]

1. d4 Nf6 2. c4 e6 3. Nc3 d5 4. Bg5 Nbd7 5. e3 Be7 6. Nf3 O-O 7. Bd3 b6 8. cxd5
exd5 9. Rc1 Bb7 10. O-O c5 11. Bb1 Ne4 12. Bxe7 Qxe7 13. a3 Rac8 14. Ba2 Ndf6
15. Nxe4 dxe4 16. Ne5 Nd7 17. Nxd7 Qxd7 18. dxc5 Qxd1 19. Rfxd1 bxc5 20. Rd7
Ba6 21. Rxa7 Bd3 22. Bc4 Rb8 23. b3 Ra8 24. Rxa8 Rxa8 25. a4 Kf8 26. f3 Bxc4
27. Rxc4 Rb8 28. Rc3 exf3 29. gxf3 c4 30. Rxc4 Rxb3 31. Kf2 Ra3 32. e4 Ra1 33.
Kg2 Ke7 34. Rd4 g6 35. Kg3 h6 36. f4 Rg1+ 37. Kf2 Ra1 38. Kf3 Ra3+ 39. Kg4 Ra1
40. e5 Ke8 41. Rb4 Ke7 42. Rb7+ Ke6 43. Rb6+ Ke7 44. Ra6 Ra3 45. Ra7+ Ke8 46.
Ra8+ Ke7 47. Ra7+ Ke8 1/2-1/2

[Event "C.to Provinciale BG"]
[Site "Treviglio ITA"]
[Date "2014.01.26"]
[Round "6"]
[White "Rossetti, Dario"]
[Black "Folcini, Gaddo"]
[WhiteElo "1431"]
[BlackElo "1579"]
[Result "0-1"]
[PlyCount "82"]
[EventDate "2014.01.18"]

1. d4 e5 2. e4 exd4 3. Qxd4 Nc6 4. Qd1 Bc5 5. Nf3 d6 6. h3 Nf6 7. Bd3 Ne5 8.
Bg5 Nxd3+ 9. cxd3 h6 10. Bh4 g5 11. Bg3 g4 12. hxg4 Nxg4 13. Nc3 Be6 14. d4 Bb4
15. Qa4+ Qd7 16. Qxb4 f5 17. d5 Bf7 18. Bh4 O-O 19. O-O-O a5 20. Qd4 b5 21. e5
Bg6 22. e6 Qh7 23. Nxb5 f4 24. Nc3 Rab8 25. Na4 Rb4 26. Qd2 Rxa4 27. a3 Rc4+
28. Qc3 Rxc3+ 29. bxc3 Rb8 30. Kd2 Rb2+ 31. Ke1 Bd3 32. Nd2 Rxd2 33. Kxd2 Bc2
34. Kc1 Bxd1 35. Rxd1 Kf8 36. Rd4 Qf5 37. g3 Nxf2 38. Kd2 Ne4+ 39. Ke1 Nxg3 40.
e7+ Ke8 41. c4 Qe5+ 0-1

[Event "C.to Provinciale BG"]
[Site "Treviglio ITA"]
[Date "2014.01.26"]
[Round "6"]
[White "Sorbera, Paolo"]
[Black "Scarabelli, Maurizio"]
[WhiteElo "1696"]
[BlackElo "1791"]
[Result "1/2-1/2"]
[PlyCount "162"]
[EventDate "2014.01.18"]

1. e4 c5 2. d4 cxd4 3. c3 dxc3 4. Nxc3 Nc6 5. Bc4 e6 6. Nf3 Qc7 7. O-O Nf6 8.
h3 a6 9. Qe2 d6 10. Bg5 Be7 11. Rfd1 O-O 12. Bxf6 Bxf6 13. Rac1 Qe7 14. Bb3 Ne5
15. Nxe5 Bxe5 16. Rd3 Bd7 17. Qd2 Bc6 18. f4 Bxc3 19. Rdxc3 Bxe4 20. Ba4 b5 21.
Rc7 Qf6 22. Bc2 Bxc2 23. R1xc2 d5 24. g3 Qf5 25. Kh2 Qe4 26. Qc3 h6 27. Qc6 Qe3
28. Qb7 Qd3 29. h4 d4 30. Kh3 Qf5+ 31. Kg2 d3 32. Rd2 Rab8 33. Qc6 Rbd8 34. Rd7
Rc8 35. Qd6 Qe4+ 36. Kf2 Rc1 37. Qxd3 Qe1+ 38. Kf3 Qh1+ 39. Ke3 Qg1+ 40. Ke4
Rc4+ 41. Kf3 Qh1+ 42. Ke3 Qe1+ 43. Kf3 f5 44. Re2 Qf1+ 45. Rf2 Qh1+ 46. Rg2 Rc1
47. Qd2 Rf1+ 48. Ke3 Re1+ 49. Kf3 Rc8 50. Rd8+ Rxd8 51. Qxd8+ Kh7 52. Qd2 Re4
53. Kf2 Qa1 54. b3 Qd4+ 55. Qxd4 Rxd4 56. Ke3 Rd6 57. Rc2 Kg6 58. Rc7 Kf6 59.
h5 Rd1 60. Rc6 Rh1 61. Rxa6 Rxh5 62. Rb6 Rh2 63. a4 bxa4 64. bxa4 Ra2 65. Ra6
Ra3+ 66. Kf2 g5 67. Ra8 gxf4 68. gxf4 h5 69. a5 Kg7 70. a6 h4 71. Ra7+ Kf6 72.
Ra8 Kf7 73. Ra7+ Ke8 74. Ra8+ Kd7 75. a7 Kc7 76. Re8 Rxa7 77. Rxe6 Ra2+ 78. Kg1
h3 79. Re5 Rg2+ 80. Kh1 Kd6 81. Rxf5 Ke6 1/2-1/2

[Event "C.to Provinciale BG"]
[Site "Treviglio ITA"]
[Date "2014.01.26"]
[Round "6"]
[White "Ventura, Salvatore"]
[Black "Foglieni, Matteo"]
[WhiteElo "2045"]
[BlackElo "1853"]
[Result "1/2-1/2"]
[PlyCount "123"]
[EventDate "2014.01.18"]

1. e4 c6 2. d4 d5 3. Nc3 dxe4 4. Nxe4 Bf5 5. Ng3 Bg6 6. h4 h6 7. Nf3 Nd7 8. h5
Bh7 9. Bd3 Bxd3 10. Qxd3 Qc7 11. Bd2 Ngf6 12. O-O-O e6 13. Ne4 Nxe4 14. Qxe4
Nf6 15. Qe2 O-O-O 16. g3 c5 17. dxc5 Bxc5 18. Rh4 Kb8 19. Rc4 Qe7 20. Qe5+ Bd6
21. Qa5 Bc7 22. Rxc7 Qxc7 23. Bf4 Rxd1+ 24. Kxd1 Rd8+ 25. Kc1 Rd6 26. Qb4 Ne8
27. Nd2 f6 28. Ne4 e5 29. Nxd6 Qxd6 30. Qxd6+ Nxd6 31. Be3 Kc7 32. Kd2 b6 33.
g4 Kc6 34. b3 f5 35. gxf5 Nxf5 36. Kd3 Kd5 37. c4+ Ke6 38. b4 Ne7 39. Ke4 Ng8
40. c5 Nf6+ 41. Kd3 bxc5 42. Bxc5 a6 43. Kc4 Nxh5 44. b5 axb5+ 45. Kxb5 Nf6 46.
a4 Kd7 47. Bf8 Ne8 48. a5 h5 49. f3 h4 50. Bc5 Nc7+ 51. Kb6 h3 52. Bg1 g5 53.
Bh2 g4 54. fxg4 e4 55. Bxc7 e3 56. a6 e2 57. a7 e1=Q 58. a8=Q Qb4+ 59. Ka6 Kxc7
60. Qa7+ Kd6 61. Qg7 Qa4+ 62. Kb6 1/2-1/2

[Event "C.to Provinciale BG"]
[Site "Treviglio ITA"]
[Date "2014.01.26"]
[Round "6"]
[White "Villa, Giorgio"]
[Black "Leoni, Livio"]
[WhiteElo "1963"]
[BlackElo "2052"]
[Result "1/2-1/2"]
[PlyCount "74"]
[EventDate "2014.01.18"]

1. d4 Nf6 2. Nf3 e6 3. c4 b6 4. g3 Ba6 5. Qa4 Bb7 6. Bg2 c5 7. dxc5 Bxc5 8. O-O
O-O 9. Nc3 Na6 10. Rd1 Qc8 11. Bf4 Be7 12. Bd6 Nc5 13. Qc2 Bxd6 14. Rxd6 Nce4
15. Rd4 Nxc3 16. Qxc3 d5 17. Rc1 Qc7 18. Qe3 Rac8 19. Ne5 Qb8 20. Ng4 Nxg4 21.
Rxg4 Rxc4 22. Rcxc4 dxc4 23. Qh6 g6 24. Rh4 Rd8 25. Qxh7+ Kf8 26. Qh6+ Ke8 27.
Qg5 Bxg2 28. Rh8+ Kd7 29. Rxd8+ Qxd8 30. Qxd8+ Kxd8 31. Kxg2 Ke7 32. Kf3 e5 33.
h4 Ke6 34. Ke3 b5 35. g4 f5 36. f3 f4+ 37. Kd2 b4 1/2-1/2

[Event "ACP Golden Classic"]
[Site "Bergamo ITA"]
[Date "2014.07.12"]
[Round "1"]
[White "Almasi, Zoltan"]
[Black "Nepomniachtchi, Ian"]
[WhiteElo "2693"]
[BlackElo "2730"]
[Result "1/2-1/2"]
[PlyCount "86"]
[EventDate "2014.07.12"]

1. Nf3 c5 2. c4 Nf6 3. Nc3 d5 4. cxd5 Nxd5 5. g3 Nc6 6. Bg2 Nc7 7. a3 Rb8 8.
O-O e5 9. Rb1 Be7 10. d3 O-O 11. Be3 Ne6 12. b4 Ned4 13. bxc5 Bxc5 14. Qc1 Bg4
15. Nxd4 exd4 16. Bg5 Qa5 17. Nb5 Bxe2 18. Bd2 Qb6 19. Nxd4 Nxd4 20. Rxb6 axb6
21. Re1 Bxd3 22. Qd1 Bc2 23. Qg4 Bf5 24. Qf4 Rbd8 25. Bc3 Bd3 26. Bf1 Bg6 27.
Rd1 Ne6 28. Qg4 h5 29. Qe2 Nd4 30. Bxd4 Bxd4 31. Qf3 Bc5 32. a4 Rxd1 33. Qxd1
Re8 34. Bb5 Re6 35. Kg2 Rf6 36. f3 Rd6 37. Qe2 Kh7 38. Bc4 Rd4 39. h4 Bb4 40.
Kf1 Bf5 41. Kg1 Bg6 42. Bb3 Bc5 43. Kh1 Rb4 1/2-1/2

[Event "ACP Golden Classic"]
[Site "Bergamo ITA"]
[Date "2014.07.12"]
[Round "1"]
[White "Jobava, Baadur"]
[Black "Brunello, Sabino"]
[WhiteElo "2713"]
[BlackElo "2568"]
[Result "1/2-1/2"]
[PlyCount "81"]
[EventDate "2014.07.12"]

1. d4 d5 2. c4 c6 3. Nc3 Nf6 4. Nf3 e6 5. Bg5 Nbd7 6. cxd5 exd5 7. e3 Be7 8.
Qc2 Nb6 9. Bd3 Nh5 10. Bxe7 Qxe7 11. O-O g6 12. Rfb1 O-O 13. b4 a6 14. a4 Ng7
15. Nd2 Bf5 16. Nb3 Bxd3 17. Qxd3 Ne6 18. g3 Rfd8 19. h4 Nc4 20. Na5 Nd6 21. b5
Qc7 22. Nb3 axb5 23. axb5 Rxa1 24. Nxa1 Nf5 25. Ne2 c5 26. b6 Qd6 27. Nc2 cxd4
28. Ncxd4 Nexd4 29. Nxd4 Nxg3 30. fxg3 Qxg3+ 31. Kf1 Ra8 32. Qe2 Qh3+ 33. Kg1
Qg3+ 34. Qg2 Qxe3+ 35. Qf2 Qd3 36. Re1 Ra4 37. Nc6 bxc6 38. b7 Rb4 39. Re7 Qb1+
40. Kh2 f5 41. Re1 1/2-1/2

[Event "ACP Golden Classic"]
[Site "Bergamo ITA"]
[Date "2014.07.12"]
[Round "1"]
[White "So, Wesley"]
[Black "Sutovsky, Emil"]
[WhiteElo "2744"]
[BlackElo "2620"]
[Result "1/2-1/2"]
[PlyCount "45"]
[EventDate "2014.07.12"]

1. d4 Nf6 2. c4 g6 3. g3 Bg7 4. Bg2 d6 5. Nc3 O-O 6. Nf3 Nc6 7. O-O Bf5 8. d5
Na5 9. Nd2 c6 10. b4 Nxc4 11. dxc6 Nxd2 12. cxb7 Rb8 13. Bxd2 d5 14. Rc1 Rxb7
15. a3 Ne4 16. Nxe4 dxe4 17. Bc3 a5 18. Bxg7 Kxg7 19. Qc2 axb4 20. Bxe4 Bxe4
21. Qxe4 Qb8 22. axb4 Rxb4 23. Qe3 1/2-1/2

[Event "ACP Golden Classic"]
[Site "Bergamo ITA"]
[Date "2014.07.13"]
[Round "2"]
[White "Nepomniachtchi, Ian"]
[Black "So, Wesley"]
[WhiteElo "2730"]
[BlackElo "2744"]
[Result "0-1"]
[PlyCount "138"]
[EventDate "2014.07.12"]

1. c4 Nf6 2. Nc3 e6 3. e4 d5 4. e5 d4 5. exf6 dxc3 6. bxc3 Qxf6 7. d4 e5 8. Nf3
Nc6 9. Bg5 Qg6 10. d5 Nb8 11. h4 h6 12. Be3 Nd7 13. h5 Qd6 14. Bd3 Be7 15. Nd2
Nf6 16. f3 O-O 17. Ne4 Nxe4 18. fxe4 Qa3 19. Qb3 Qa5 20. Be2 Bc5 21. Bd2 f5 22.
Rf1 fxe4 23. Rxf8+ Kxf8 24. O-O-O Kg8 25. Rf1 Bd7 26. Kb1 Qb6 27. Ka1 Rf8 28.
Rxf8+ Kxf8 29. Qxb6 axb6 30. Be1 Ke7 31. Kb2 Ba4 32. Bg4 Bg1 33. Bg3 Kd6 34.
Be2 e3 35. Kc1 Be8 36. Kd1 Bf2 37. Bh2 Ba4+ 38. Kc1 Be1 39. Kb2 Bh4 40. g4 Bf6
41. Kc1 Kc5 42. g5 hxg5 43. Bg1 Bd7 44. Bxe3+ Kd6 45. Kd2 g4 46. h6 gxh6 47.
Bxh6 Bf5 48. Ke3 Bh4 49. Bf8+ Be7 50. Bh6 Bh4 51. Bf8+ Be7 52. Bh6 c6 53. dxc6
bxc6 54. Bf1 Ke6 55. Bg2 Bc5+ 56. Ke2 Kd7 57. Bg7 Bd6 58. Bf6 Bb1 59. a3 e4 60.
Ke3 Ke6 61. Bd8 Kf5 62. Bxb6 Bxa3 63. Kd2 Bd6 64. Be3 Bf4 65. c5 Bd3 66. Bh1
Ke5 67. Bg2 Bc4 68. Bh1 g3 69. Bg2 Be6 0-1

[Event "ACP Golden Classic"]
[Site "Bergamo ITA"]
[Date "2014.07.13"]
[Round "2"]
[White "Sutovsky, Emil"]
[Black "Jobava, Baadur"]
[WhiteElo "2620"]
[BlackElo "2713"]
[Result "1-0"]
[PlyCount "41"]
[EventDate "2014.07.12"]

1. e4 c5 2. Nf3 b6 3. d4 cxd4 4. Nxd4 Bb7 5. Nc3 Nf6 6. e5 Nd5 7. Nxd5 Bxd5 8.
Nb5 Be6 9. Bd3 Nc6 10. Be4 g6 11. Bg5 Bg7 12. O-O Bxe5 13. f4 h6 14. fxe5 hxg5
15. Qd2 Qb8 16. Qxg5 Bc4 17. Nd6+ exd6 18. Qf6 Rg8 19. e6 Ne5 20. exf7+ Bxf7
21. Rae1 1-0

[Event "ACP Golden Classic"]
[Site "Bergamo ITA"]
[Date "2014.07.13"]
[Round "2"]
[White "Vocaturo, Daniele"]
[Black "Almasi, Zoltan"]
[WhiteElo "2584"]
[BlackElo "2693"]
[Result "1/2-1/2"]
[PlyCount "80"]
[EventDate "2014.07.12"]

1. d4 Nf6 2. c4 e6 3. Nc3 Bb4 4. Qc2 O-O 5. a3 Bxc3+ 6. Qxc3 d6 7. Nf3 b6 8. e3
Bb7 9. Be2 Nbd7 10. O-O Ne4 11. Qc2 f5 12. Ne1 Qh4 13. f3 Ng5 14. c5 dxc5 15.
dxc5 bxc5 16. b4 Rf6 17. Bb5 Rh6 18. g3 Nh3+ 19. Kh1 Qe7 20. e4 Rh5 21. exf5
Rxf5 22. Bd3 Raf8 23. Bxf5 Rxf5 24. Kg2 Ng5 25. Bxg5 Qxg5 26. Rd1 Ne5 27. Qd2
Qh5 28. Qd8+ Rf8 29. Qe7 Bd5 30. Kg1 cxb4 31. axb4 h6 32. g4 Qf7 33. Qxf7+ Rxf7
34. Ra1 c6 35. h3 Rf4 36. Rxa7 Rxb4 37. f4 Ng6 38. f5 Nf4 39. fxe6 Bxe6 40. Ra3
Bd5 1/2-1/2

[Event "ACP Golden Classic"]
[Site "Bergamo ITA"]
[Date "2014.07.14"]
[Round "3"]
[White "Brunello, Sabino"]
[Black "Sutovsky, Emil"]
[WhiteElo "2568"]
[BlackElo "2620"]
[Result "1-0"]
[PlyCount "49"]
[EventDate "2014.07.12"]

1. d4 Nf6 2. c4 g6 3. Nc3 d5 4. cxd5 Nxd5 5. e4 Nxc3 6. bxc3 Bg7 7. Nf3 c5 8.
Be3 Qa5 9. Qd2 O-O 10. Rc1 Bg4 11. d5 Na6 12. h4 h5 13. Ng5 b5 14. f3 Bd7 15.
g4 hxg4 16. h5 g3 17. hxg6 fxg6 18. Bh3 Bxh3 19. Rxh3 b4 20. Rxg3 bxc3 21. Qh2
Rf6 22. e5 Rb6 23. Qh7+ Kf8 24. e6 c2+ 25. Kf2 1-0

[Event "ACP Golden Classic"]
[Site "Bergamo ITA"]
[Date "2014.07.14"]
[Round "3"]
[White "Jobava, Baadur"]
[Black "Nepomniachtchi, Ian"]
[WhiteElo "2713"]
[BlackElo "2730"]
[Result "1-0"]
[PlyCount "93"]
[EventDate "2014.07.12"]

1. e4 c5 2. c3 d6 3. d4 Nf6 4. f3 Nbd7 5. Be3 g6 6. Bd3 Bg7 7. Ne2 O-O 8. O-O
a6 9. Nd2 b5 10. a4 Rb8 11. axb5 axb5 12. b4 c4 13. Bc2 e5 14. h3 Re8 15. f4
exd4 16. Bxd4 Bb7 17. Ng3 Ra8 18. Re1 Rxa1 19. Qxa1 Nb8 20. Qd1 Nc6 21. Bf2 Nd7
22. Ne2 Nf6 23. g4 Qa8 24. Ng3 Nd7 25. e5 dxe5 26. f5 Nf6 27. Nde4 Rd8 28.
Nxf6+ Bxf6 29. Qc1 Bg7 30. Bb6 Rc8 31. Rf1 Qa6 32. Bc5 Nb8 33. Qd2 Re8 34. Ne4
gxf5 35. Nd6 Rd8 36. Qg5 Rxd6 37. Qxf5 Bd5 38. Qxh7+ Kf8 39. Qg6 Ke7 40. Qxg7
Nd7 41. Qg5+ Ke8 42. Be4 f6 43. Qh5+ Bf7 44. Qh8+ Ke7 45. g5 Nxc5 46. bxc5 Qa7
47. gxf6+ 1-0

[Event "ACP Golden Classic"]
[Site "Bergamo ITA"]
[Date "2014.07.14"]
[Round "3"]
[White "So, Wesley"]
[Black "Vocaturo, Daniele"]
[WhiteElo "2744"]
[BlackElo "2584"]
[Result "1-0"]
[PlyCount "85"]
[EventDate "2014.07.12"]

1. d4 Nf6 2. c4 g6 3. Nc3 Bg7 4. e4 d6 5. Nf3 O-O 6. Be2 e5 7. O-O Nc6 8. d5
Ne7 9. Ne1 Nd7 10. f3 f5 11. Be3 f4 12. Bf2 g5 13. Rc1 Rf6 14. Nd3 b6 15. b4
Rh6 16. c5 a6 17. cxd6 cxd6 18. g4 fxg3 19. hxg3 Ng6 20. Kg2 Nf6 21. Rh1 Rxh1
22. Kxh1 b5 23. Be3 h6 24. a4 Bd7 25. axb5 axb5 26. Nf2 Nh5 27. Kh2 Ra3 28. Qd2
Qe8 29. Qb2 Ra8 30. Bd2 Qf7 31. Ncd1 Nxg3 32. Kxg3 Nf4 33. Nc3 Rf8 34. Be3 g4
35. fxg4 h5 36. Rg1 hxg4 37. Bxg4 Nd3 38. Qe2 Nxf2 39. Bxd7 Qxd7 40. Bxf2 Rf6
41. Be3 Qf7 42. Kh2 Kf8 43. Rg2 1-0

[Event "ACP Golden Classic"]
[Site "Bergamo ITA"]
[Date "2014.07.16"]
[Round "4"]
[White "Almasi, Zoltan"]
[Black "So, Wesley"]
[WhiteElo "2693"]
[BlackElo "2744"]
[Result "1/2-1/2"]
[PlyCount "42"]
[EventDate "2014.07.12"]

1. Nf3 d5 2. g3 g6 3. Bg2 Bg7 4. O-O e5 5. d3 Ne7 6. e4 O-O 7. exd5 Nxd5 8. Re1
Nc6 9. Nbd2 h6 10. Nc4 Re8 11. Bd2 g5 12. c3 Bf5 13. h4 g4 14. Nh2 Qd7 15. Bxd5
Qxd5 16. Ne3 Qxd3 17. Nxf5 Qxf5 18. Qxg4 Qxg4 19. Nxg4 h5 20. Ne3 Rad8 21. Rad1
Bh6 1/2-1/2

[Event "ACP Golden Classic"]
[Site "Bergamo ITA"]
[Date "2014.07.16"]
[Round "4"]
[White "Nepomniachtchi, Ian"]
[Black "Brunello, Sabino"]
[WhiteElo "2730"]
[BlackElo "2568"]
[Result "1-0"]
[PlyCount "59"]
[EventDate "2014.07.12"]

1. e4 c6 2. d4 d5 3. e5 Bf5 4. Nf3 e6 5. Be2 Ne7 6. O-O Bg6 7. Nbd2 Nf5 8. Nb3
Nd7 9. Bd2 Be7 10. a4 O-O 11. a5 c5 12. c3 c4 13. Nc1 b5 14. b4 cxb3 15. Nxb3
a6 16. Ne1 Rc8 17. Nd3 Nh4 18. Nf4 Bg5 19. Nxg6 fxg6 20. f4 Be7 21. Bd3 Rf7 22.
g3 Nf5 23. g4 Nh4 24. Be1 Nf8 25. Ra2 Qe8 26. Rc2 Bd8 27. Bxh4 Bxh4 28. g5 h5
29. Kg2 Qd8 30. Qc1 1-0

[Event "ACP Golden Classic"]
[Site "Bergamo ITA"]
[Date "2014.07.16"]
[Round "4"]
[White "Vocaturo, Daniele"]
[Black "Jobava, Baadur"]
[WhiteElo "2584"]
[BlackElo "2713"]
[Result "0-1"]
[PlyCount "68"]
[EventDate "2014.07.12"]

1. d4 Nf6 2. c4 d6 3. Nc3 e5 4. dxe5 dxe5 5. Qxd8+ Kxd8 6. Nf3 Be6 7. b3 Nbd7
8. Ng5 Bb4 9. Nxe6+ fxe6 10. Bd2 Ke7 11. g4 Nc5 12. g5 Nfd7 13. Bg2 a5 14. Ne4
Nxe4 15. Bxe4 Nc5 16. Bc2 h6 17. gxh6 Rxh6 18. O-O-O Bxd2+ 19. Rxd2 g5 20. f3
Rah8 21. e3 Rh3 22. Rg1 Kf6 23. Rdg2 R8h5 24. Bd1 Rxh2 25. f4 exf4 26. Bxh5
Rxh5 27. exf4 gxf4 28. Rg6+ Ke5 29. Kc2 Rh2+ 30. R1g2 Rxg2+ 31. Rxg2 f3 32. Rg7
Kd4 33. Rxc7 f2 34. Rf7 Ke3 0-1

[Event "ACP Golden Classic"]
[Site "Bergamo ITA"]
[Date "2014.07.17"]
[Round "5"]
[White "Brunello, Sabino"]
[Black "Vocaturo, Daniele"]
[WhiteElo "2568"]
[BlackElo "2584"]
[Result "0-1"]
[PlyCount "126"]
[EventDate "2014.07.12"]

1. d4 Nf6 2. c4 g6 3. Nc3 Bg7 4. e4 d6 5. Be2 O-O 6. Bg5 Na6 7. Nf3 h6 8. Bf4
e5 9. dxe5 Nh5 10. Be3 dxe5 11. Qc1 Kh7 12. h3 c6 13. g4 Nf4 14. Bxf4 exf4 15.
Qxf4 Nc5 16. O-O f5 17. gxf5 gxf5 18. e5 Ne6 19. Qe3 Ng5 20. Nxg5+ Qxg5+ 21.
Qxg5 hxg5 22. f4 gxf4 23. Rxf4 Bxe5 24. Rh4+ Kg7 25. Kf2 Rh8 26. Rg1+ Kf8 27.
Rxh8+ Bxh8 28. Ke3 Be6 29. Kf4 Ke7 30. Bd3 Kf6 31. b3 Bg7 32. Ne2 Rh8 33. Kg3
Bf8 34. Rf1 Bd6+ 35. Kg2 Rg8+ 36. Kf3 Rh8 37. Kg2 Be5 38. Rf3 Rg8+ 39. Kf2 Bc7
40. Kf1 Bc8 41. Bc2 Kg5 42. Rf2 Rh8 43. Nd4 Bg3 44. Re2 f4 45. Be4 Bxh3+ 46.
Bg2 Bc8 47. Bf3 Kf6 48. Re4 Rd8 49. b4 a5 50. bxa5 Bh3+ 51. Ke2 Ra8 52. Kd1
Rxa5 53. Re2 Ra3 54. Rb2 Ke5 55. Nb3 Kd6 56. Kc1 Be6 57. Rd2+ Kc7 58. Kb2 Ra8
59. Rd4 Bf5 60. Rd2 Bh4 61. Nc5 Bf6+ 62. Kb3 Be7 63. Ne4 Ra3+ 0-1